00982 2200325 4500001002100000005001500021035002000036007000300056008004100059020002200100082001200122084001400134100003100148245009200179250003500271300004000306650001800346700002600364264004200390336002100432337003000453338002300483040002200506090002200528850001200550504003000562999002200592990002200614990002000636INLIS00000000088382620240402104801 a0010-0224000373ta240215 2023 yoia g ind d a978-623-164-320-904223a808 a808 ARI w0 aAri Ghorir AtiqePengarang10aWisanggeni :bsang "kobaran api" titisan dewa /cAri Ghorir Atiq; penyunting, Ardhi Aan aCetakan pertama, Desember 2023 aviii, 232 halaman :bbagan ;c20 cm 4aCerita wayang0 aArdhi AanePenyunting31aBantul :bAnak Hebat Indonesia,c2023 2rdacontentateks 2rdamediaatanpa perantara 2rdacarrieravolume aYOPDYOGbinderda aCB-D.11 2023-3351 aYOPDYOG aBibliografi : halaman 231 aCB-D.11/2023-3351 aCB-D.11/2023-3351 a71753-PD/A.2024